All Mainline Mario Games - Statistics

General Stats
  • This quiz has been taken 383 times
  • The average score is 16 of 19
Answer Stats
Release Year Game % Correct
1985 Super Mario Bros.
98%
1986 Super Mario Bros.: The Lost Levels
95%
1988 Super Mario Bros. 2
92%
1990 Super Mario Bros. 3
91%
2007 Super Mario Galaxy
88%
1996 Super Mario 64
86%
2010 Super Mario Galaxy 2
85%
1991 Super Mario World
85%
2002 Super Mario Sunshine
84%
2006 New Super Mario Bros.
83%
2023 Super Mario Bros. Wonder
83%
2017 Super Mario Odyssey
81%
2013 Super Mario 3D World
79%
2012 New Super Mario Bros. 2
76%
2011 Super Mario 3D Land
76%
2009 New Super Mario Bros. Wii
75%
1989 Super Mario Land
73%
2012 New Super Mario Bros. U
72%
1992 Super Mario Land 2: 6 Golden Coins
67%
No matching quizzes found
Score Distribution
Percent of People with Each Score
Percentile by Number Answered
Your Score History
You have not taken this quiz